| 000 | 01144pam a2200337 a 4500 | ||
|---|---|---|---|
| 001 | 616387 | ||
| 003 | OSt | ||
| 005 | 20140310184446.0 | ||
| 008 | 920814s1993 nyua j 000 0 eng | ||
| 010 | _a 92032658 | ||
| 020 | _a0590488252 | ||
| 040 |
_aDLC _cDLC _dDLC |
||
| 042 | _alcac | ||
| 050 | 0 | 0 |
_aQB 501.3 _b.L44 1995 |
| 082 | 0 | 0 | _a523.2 |
| 100 | 1 |
_aLeedy, Loreen. _924242 |
|
| 245 | 1 | 0 |
_aPostcards from Pluto : _ba tour of the solar system / _cwritten and illustrated by Loreen Leedy. |
| 250 | _a1st ed. | ||
| 260 |
_aNew York : _bHoliday House, _c1995 |
||
| 300 |
_a1 v. (unpaged) : _bcol. ill. ; _c24 cm. |
||
| 521 | _aG2 | ||
| 526 | _c490 | ||
| 650 | 0 |
_aPlanets _xJuvenile literature. _927757 |
|
| 650 | 1 |
_aPlanets. _915994 |
|
| 651 | 0 |
_aSolar system _xJuvenile literature. _927758 |
|
| 651 | 1 |
_aSolar system. _922813 |
|
| 906 |
_a7 _bcbc _corignew _d1 _eocip _f19 _gy-gencatlg |
||
| 942 |
_2lcc _cBK-SCHOLAS |
||
| 999 |
_c34514 _d34514 |
||